[Event "Toronto"]
[Site "Toronto"]
[Date "2013.05.27"]
[Round "6"]
[White "Birarov, Vladimir"]
[Black "Plotkin, Victor"]
[Result "0-1"]
[WhiteElo "2239"]
[BlackElo "2386"]
[PlyCount "46"]
[EventDate "2013.04.15"]
[EventType "tourn"]
[EventRounds "7"]
[EventCountry "CAN"]
[SourceTitle "EXT 2022"]
[Source "ChessBase"]
[SourceDate "2021.10.06"]
[SourceVersion "1"]
[SourceVersionDate "2021.10.06"]
[SourceQuality "1"]

1. d4 d5 2. Nf3 Nf6 3. c4 e6 4. g3 Be7 5. Bg2 0-0 6. 0-0 dxc4 7. Na3 Bxa3 8. bxa3 Nc6 9. a4 Re8 10. Ba3 Nd5 11. Qc2 Nb6 12. Bc5 Bd7 13. Rfd1 Qf6 14. Ne5 Nxe5 15. Bxb6 Ng4 16. Bf3 axb6 17. Bxg4 Bxa4 18. Qxc4 Bxd1 19. Rxd1 c6 20. a4 Qg5 21. Bf3 Qa5 22. Ra1 b5 23. Qb3 Reb8 0-1

[Event "Toronto"]
[Site "Toronto"]
[Date "2013.04.29"]
[Round "3"]
[White "Barron, Michael"]
[Black "Birarov, Vladimir"]
[Result "1/2-1/2"]
[WhiteElo "2294"]
[BlackElo "2239"]
[PlyCount "81"]
[EventDate "2013.04.15"]
[EventType "tourn"]
[EventRounds "7"]
[EventCountry "CAN"]
[SourceTitle "EXT 2022"]
[Source "ChessBase"]
[SourceDate "2021.10.06"]
[SourceVersion "1"]
[SourceVersionDate "2021.10.06"]
[SourceQuality "1"]

1. e4 c5 2. Nf3 Nc6 3. d4 cxd4 4. Nxd4 Nf6 5. Nc3 e5 6. Ndb5 d6 7. Nd5 Nxd5 8. exd5 Nb8 9. c4 Be7 10. Bd3 0-0 11. 0-0 a6 12. Nc3 f5 13. f4 Nd7 14. Kh1 g6 15. Be3 Bf6 16. Rc1 Re8 17. b4 b6 18. Na4 Bb7 19. c5 bxc5 20. bxc5 Nxc5 21. Nxc5 dxc5 22. d6 Kg7 23. Bc4 exf4 24. Bxc5 Rc8 25. Bd5 Rxc5 26. Rxc5 Qxd6 27. Bc6 Qxc5 28. Bxe8 Bd5 29. Qa4 Be5 30. Qxa6 f3 31. gxf3 Qc2 32. Qa7+ Kf8 33. Qxh7 Qe2 34. Qh3 Kxe8 35. Qg2 Qxg2+ 36. Kxg2 Kd7 37. a4 g5 38. Rd1 Kc6 39. h3 g4 40. hxg4 fxg4 41. Rxd5 1/2-1/2

[Event "Toronto"]
[Site "Toronto"]
[Date "2012.06.04"]
[Round "9"]
[White "Kleinman, Michael"]
[Black "Birarov, Vladimir"]
[Result "1-0"]
[WhiteElo "2383"]
[BlackElo "2261"]
[PlyCount "81"]
[EventDate "2012.03.26"]
[EventType "tourn"]
[EventRounds "9"]
[EventCountry "CAN"]
[SourceTitle "EXT 2022"]
[Source "ChessBase"]
[SourceDate "2021.10.06"]
[SourceVersion "1"]
[SourceVersionDate "2021.10.06"]
[SourceQuality "1"]

1. e4 d5 2. exd5 Nf6 3. Be2 Qxd5 4. Nf3 e5 5. Nc3 Qa5 6. 0-0 Nc6 7. d3 Be7 8. Bd2 0-0 9. a3 Qc5 10. Ne4 Nxe4 11. dxe4 Rd8 12. c3 Bg4 13. Qc1 h6 14. h3 Bh5 15. Be3 Qd6 16. Qc2 Bg6 17. Bc4 Qf6 18. a4 a6 19. Nh2 Qh4 20. f3 h5 21. f4 exf4 22. Rxf4 Qg5 23. Qf2 Qe5 24. Rxf7 Bxf7 25. Qxf7+ Kh8 26. Nf3 Qxe4 27. Qxh5+ Qh7 28. Qg4 Rf8 29. Be6 Rae8 30. Rd1 g6 31. Rd7 Qh5 32. Bd4+ Nxd4 33. Qxd4+ Bf6 34. Qc4 b5 35. Qc6 Qh6 36. Bf7 Qc1+ 37. Kf2 Qe3+ 38. Kf1 Bh4 39. g3 Bxg3 40. Qf6+ Kh7 41. Bg8+ 1-0

[Event "Toronto"]
[Site "Toronto"]
[Date "2012.04.23"]
[Round "4"]
[White "Birarov, Vladimir"]
[Black "Song, Michael"]
[Result "1/2-1/2"]
[WhiteElo "2261"]
[BlackElo "2217"]
[PlyCount "82"]
[EventDate "2012.03.26"]
[EventType "tourn"]
[EventRounds "9"]
[EventCountry "CAN"]
[SourceTitle "EXT 2022"]
[Source "ChessBase"]
[SourceDate "2021.10.06"]
[SourceVersion "1"]
[SourceVersionDate "2021.10.06"]
[SourceQuality "1"]

1. e4 d6 2. d4 Nf6 3. Nc3 c6 4. Be2 Qa5 5. Bd2 Qc7 6. Nf3 e5 7. h3 Be7 8. 0-0 0-0 9. Be3 b5 10. a3 Nbd7 11. d5 a6 12. dxc6 Qxc6 13. a4 b4 14. Nd5 Nxd5 15. exd5 Qb7 16. c4 a5 17. Nd2 f5 18. f4 exf4 19. Bxf4 Qb6+ 20. Kh1 Bf6 21. Rb1 Nc5 22. Be3 Re8 23. Bg1 Qc7 24. Bf3 Bd7 25. b3 Re7 26. Qc2 Rae8 27. Bh2 Be5 28. Rbe1 Bxh2 29. Rxe7 Rxe7 30. Kxh2 Re3 31. Bd1 Qd8 32. Rf3 Qe7 33. Rxe3 Qxe3 34. Nf3 Ne4 35. Qe2 Qf4+ 36. Kg1 Qc1 37. Kh2 Qf4+ 38. Kg1 Kf7 39. Bc2 Qc1+ 40. Kh2 Qf4+ 41. Kg1 Qc1+ 1/2-1/2

[Event "Kitchener Riedstra Memorial"]
[Site "Kitchener"]
[Date "2012.03.11"]
[Round "5"]
[White "Birarov, Vladimir"]
[Black "Song, Guannan Terry"]
[Result "1-0"]
[WhiteElo "2263"]
[BlackElo "1938"]
[PlyCount "67"]
[EventDate "2012.03.09"]
[EventType "swiss"]
[EventRounds "5"]
[EventCountry "CAN"]
[SourceTitle "EXT 2022"]
[Source "ChessBase"]
[SourceDate "2021.10.06"]
[SourceVersion "1"]
[SourceVersionDate "2021.10.06"]
[SourceQuality "1"]

1. d4 Nf6 2. c4 c5 3. d5 b5 4. cxb5 a6 5. Nc3 axb5 6. e4 b4 7. Nb5 d6 8. Bf4 g5 9. e5 gxf4 10. exf6 Nd7 11. Nh3 Nxf6 12. Nxf4 Bh6 13. Nh5 Nxh5 14. Qxh5 Bg7 15. Bc4 Bxb2 16. Rb1 Bf6 17. 0-0 Bd7 18. Qh6 Qb6 19. Rfe1 Kd8 20. Qe3 Qa5 21. Qd3 Kc8 22. Re2 Qa4 23. Rc2 Rb8 24. Nd4 Bxd4 25. Bb3 Bxf2+ 26. Kxf2 Qa7 27. Qe3 Be8 28. Qg5 f6 29. Qg7 Bg6 30. Re1 Kd7 31. Rec1 Kc7 32. Re2 Rhg8 33. Rxe7+ Kc8 34. Qxf6 1-0

[Event "Kitchener Riedstra Memorial"]
[Site "Kitchener"]
[Date "2012.03.11"]
[Round "4"]
[White "Itkin, David"]
[Black "Birarov, Vladimir"]
[Result "1-0"]
[WhiteElo "2171"]
[BlackElo "2263"]
[PlyCount "84"]
[EventDate "2012.03.09"]
[EventType "swiss"]
[EventRounds "5"]
[EventCountry "CAN"]
[SourceTitle "EXT 2022"]
[Source "ChessBase"]
[SourceDate "2021.10.06"]
[SourceVersion "1"]
[SourceVersionDate "2021.10.06"]
[SourceQuality "1"]

1. e4 c5 2. Nf3 Nc6 3. d4 cxd4 4. Nxd4 e5 5. Nb5 d6 6. N1c3 a6 7. Na3 Be7 8. Nd5 Nf6 9. Be3 Nxd5 10. exd5 Nb8 11. c4 0-0 12. Bd3 f5 13. f3 Bh4+ 14. g3 Bg5 15. Bxg5 Qxg5 16. Qd2 Qf6 17. 0-0-0 Nd7 18. Kb1 Nc5 19. Be2 b6 20. Rhg1 Bd7 21. g4 b5 22. gxf5 b4 23. Qxb4 e4 24. fxe4 Rab8 25. Nb5 axb5 26. cxb5 Bxb5 27. Qd4 Bxe2 28. Qxf6 Rxf6 29. Rd4 Rf7 30. Kc1 Rfb7 31. Re1 Bh5 32. b3 Re7 33. Kd2 Ra8 34. Rb1 Rae8 35. Ke3 Rd8 36. Rf1 Re5 37. Rg1 Be8 38. b4 Nd7 39. a4 Nf6 40. b5 Bf7 41. h4 g6 42. fxg6 Nd7 1-0

[Event "Guelph Winter Pro-Am"]
[Site "Guelph"]
[Date "2012.02.11"]
[Round "3"]
[White "Birarov, Vladimir"]
[Black "Stevens, Christian"]
[Result "1-0"]
[WhiteElo "2242"]
[BlackElo "2357"]
[PlyCount "53"]
[EventDate "2012.02.10"]
[EventType "swiss"]
[EventRounds "5"]
[EventCountry "CAN"]
[SourceTitle "EXT 2022"]
[Source "ChessBase"]
[SourceDate "2021.10.06"]
[SourceVersion "1"]
[SourceVersionDate "2021.10.06"]
[SourceQuality "1"]

1. d4 Nf6 2. c4 e6 3. Nc3 d5 4. Bg5 Be7 5. Nf3 0-0 6. Rc1 h6 7. Bh4 dxc4 8. e3 c5 9. Bxc4 cxd4 10. exd4 Nc6 11. 0-0 Nh5 12. Bxe7 Nxe7 13. Qe2 Bd7 14. Ne5 Nf6 15. Rfd1 Bc6 16. Nxc6 bxc6 17. Ne4 Nxe4 18. Qxe4 Qd6 19. Bd3 g6 20. h4 h5 21. Rc5 Rfb8 22. b3 Rb4 23. Bc4 Rd8 24. Rd3 Rb6 25. a4 Nd5 26. Qe5 Nb4 27. Rg3 1-0

[Event "Canadian op 48th"]
[Site "Toronto"]
[Date "2011.07.16"]
[Round "8"]
[White "Thavandiran, Shiyam"]
[Black "Birarov, Vladimir"]
[Result "1-0"]
[WhiteElo "2320"]
[BlackElo "2246"]
[PlyCount "87"]
[EventDate "2011.07.09"]
[EventType "swiss"]
[EventRounds "9"]
[EventCountry "CAN"]
[SourceTitle "CBM 143 Extra"]
[Source "ChessBase"]
[SourceDate "2011.08.29"]
[SourceVersion "1"]
[SourceVersionDate "2011.08.29"]
[SourceQuality "1"]

1. e4 c5 2. Nf3 Nc6 3. d4 cxd4 4. Nxd4 Nf6 5. Nc3 e5 6. Ndb5 d6 7. Bg5 a6 8. Na3 b5 9. Bxf6 gxf6 10. Nd5 f5 11. c3 Bg7 12. exf5 Bxf5 13. Nc2 Be6 14. g3 0-0 15. Bg2 Rc8 16. 0-0 Kh8 17. a4 f5 18. axb5 axb5 19. Qe2 Ne7 20. Rfd1 f4 21. Nxf4 Bc4 22. Nd3 d5 23. Qe1 e4 24. Ndb4 Qb6 25. Ra6 Qb7 26. Rda1 Nc6 27. Nxc6 Rxc6 28. Rxc6 Qxc6 29. Nd4 Qb6 30. Nc2 Bd3 31. Rc1 Qa7 32. Ne3 Qa2 33. Qd2 d4 34. cxd4 Bxd4 35. Nd1 Qa7 36. Ne3 Qg7 37. b4 Qf6 38. Bf1 Bb2 39. Rc5 Qd4 40. Bxd3 exd3 41. Nf5 Qf6 42. Qxd3 Be5 43. Qe4 Re8 44. f4 1-0

[Event "Canadian op 48th"]
[Site "Toronto"]
[Date "2011.07.14"]
[Round "6"]
[White "Knox, Christopher"]
[Black "Birarov, Vladimir"]
[Result "0-1"]
[WhiteElo "2072"]
[BlackElo "2267"]
[PlyCount "102"]
[EventDate "2011.07.09"]
[EventType "swiss"]
[EventRounds "9"]
[EventCountry "CAN"]
[SourceTitle "EXT 2022"]
[Source "ChessBase"]
[SourceDate "2021.10.06"]
[SourceVersion "1"]
[SourceVersionDate "2021.10.06"]
[SourceQuality "1"]

1. d4 Nf6 2. Nf3 e6 3. e3 c5 4. Bd3 Be7 5. 0-0 0-0 6. b3 d6 7. Bb2 Nbd7 8. Nbd2 Re8 9. Re1 Bf8 10. Nf1 b6 11. c4 Bb7 12. Qe2 Ne4 13. N3d2 f5 14. Nxe4 fxe4 15. Bc2 Qh4 16. Ng3 Nf6 17. Rad1 d5 18. h3 Bd6 19. dxc5 Bxg3 20. fxg3 Qxg3 21. cxd5 exd5 22. b4 Nd7 23. Ba4 Ne5 24. Bxe5 Rxe5 25. Bd7 Rg5 26. Qf2 Qe5 27. Rf1 Qe7 28. h4 Rg6 29. Ba4 bxc5 30. bxc5 Ba6 31. Qf5 Rd8 32. Rf2 Rf6 33. Qg5 h6 34. Qg3 Rxf2 35. Qxf2 Qxc5 36. Bb3 Bd3 37. Kh1 Qd6 38. Qf5 Kh8 39. Qg4 Rf8 40. Rc1 Kh7 41. h5 Rf6 42. Qc8 Qe5 43. Qg4 Qb2 44. Rc8 Rf1+ 45. Kh2 Qe5+ 46. g3 Rf2+ 47. Kg1 Rf6 48. Bc2 Qa1+ 49. Bd1 Qb2 50. Bc2 Qc1+ 51. Bd1 Qxe3+ 0-1

[Event "Canadian op 48th"]
[Site "Toronto"]
[Date "2011.07.13"]
[Round "5"]
[White "Birarov, Vladimir"]
[Black "Chiku Ratte, Olivier Kenta"]
[Result "0-1"]
[WhiteElo "2267"]
[BlackElo "1729"]
[PlyCount "84"]
[EventDate "2011.07.09"]
[EventType "swiss"]
[EventRounds "9"]
[EventCountry "CAN"]
[SourceTitle "EXT 2022"]
[Source "ChessBase"]
[SourceDate "2021.10.06"]
[SourceVersion "1"]
[SourceVersionDate "2021.10.06"]
[SourceQuality "1"]

1. g3 c5 2. Bg2 g6 3. Nf3 Bg7 4. 0-0 Nc6 5. d3 Nf6 6. e4 d6 7. c3 0-0 8. h3 Nd7 9. Bg5 Rb8 10. Nbd2 b5 11. Rb1 b4 12. Nc4 h6 13. Bd2 Ba6 14. Qc1 Kh7 15. Qc2 Bxc4 16. dxc4 Qa5 17. cxb4 Nxb4 18. Bxb4 cxb4 19. b3 Nc5 20. Rbd1 Qc7 21. h4 Bc3 22. h5 e5 23. hxg6+ fxg6 24. Qe2 Rf6 25. Nh2 h5 26. f4 Rbf8 27. f5 Bd4+ 28. Kh1 gxf5 29. exf5 Qg7 30. Qxh5+ Rh6 31. Qe2 Qxg3 32. Bd5 Qh4 33. Rd2 Bc3 34. Rc2 e4 35. Qf2 Be5 36. Qxh4 Rxh4 37. Rg2 Rf6 38. Re1 Rfh6 39. Ree2 e3 40. Kg1 Rxh2 41. Rxh2 Rxh2 42. Bg2 Rh5 0-1

[Event "Toronto"]
[Site "Toronto"]
[Date "2011.03.20"]
[Round "7"]
[White "Birarov, Vladimir"]
[Black "Barron, Michael"]
[Result "0-1"]
[WhiteElo "2257"]
[BlackElo "2340"]
[PlyCount "56"]
[EventDate "2011.01.23"]
[EventType "tourn"]
[EventRounds "7"]
[EventCountry "CAN"]
[SourceTitle "EXT 2022"]
[Source "ChessBase"]
[SourceDate "2021.10.06"]
[SourceVersion "1"]
[SourceVersionDate "2021.10.06"]
[SourceQuality "1"]

1. d4 f5 2. g3 Nf6 3. Bg2 g6 4. Nh3 d6 5. c3 Bg7 6. Qb3 c6 7. Nd2 e5 8. dxe5 dxe5 9. e4 Qe7 10. exf5 Bxf5 11. 0-0 Na6 12. Nc4 Nc5 13. Qa3 Bd3 14. Be3 Nce4 15. Qb3 Qf7 16. Nxe5 Qxb3 17. axb3 Bxf1 18. Bxf1 Nd5 19. Bd4 0-0 20. Bd3 Nd2 21. Nd7 Rf7 22. Nb6 Nxb3 23. Ra3 Rd8 24. Ng5 Nxd4 25. Nxd5 Rxd5 26. Nxf7 Nf3+ 27. Kf1 Rxd3 28. Rxa7 Rd7 0-1

[Event "Toronto"]
[Site "Toronto"]
[Date "2011.03.08"]
[Round "4"]
[White "Plotkin, Victor"]
[Black "Birarov, Vladimir"]
[Result "1-0"]
[WhiteElo "2403"]
[BlackElo "2257"]
[PlyCount "79"]
[EventDate "2011.01.23"]
[EventType "tourn"]
[EventRounds "7"]
[EventCountry "CAN"]
[SourceTitle "EXT 2022"]
[Source "ChessBase"]
[SourceDate "2021.10.06"]
[SourceVersion "1"]
[SourceVersionDate "2021.10.06"]
[SourceQuality "1"]

1. e4 c5 2. c3 Nf6 3. e5 Nd5 4. d4 Nc6 5. Nf3 d6 6. Bc4 dxe5 7. dxe5 Be6 8. Qe2 Qc7 9. 0-0 g6 10. Rd1 Rd8 11. Ng5 Bg7 12. f4 0-0 13. Na3 a6 14. g3 b5 15. Nxe6 fxe6 16. Bd3 b4 17. cxb4 Ndxb4 18. Be3 Nd4 19. Bxd4 Rxd4 20. Bc4 Qb6 21. Nc2 Nxc2 22. Qxc2 g5 23. fxg5 Bxe5 24. Rf1 Rdd8 25. Qe4 Qxb2 26. Bxe6+ Kg7 27. Rae1 Bd4+ 28. Kh1 Rf2 29. Rxf2 Bxf2 30. Bf5 Rf8 31. Qxe7+ Rf7 32. Qe5+ Qxe5 33. Rxe5 Bd4 34. Rd5 Re7 35. h4 a5 36. a4 h6 37. gxh6+ Kxh6 38. Kg2 Re3 39. Rd7 Bg7 40. g4 1-0

[Event "Toronto Hart House Reading Week op"]
[Site "Toronto"]
[Date "2011.02.19"]
[Round "2"]
[White "Sapozhnikov, Roman"]
[Black "Birarov, Vladimir"]
[Result "1-0"]
[WhiteElo "2428"]
[BlackElo "2227"]
[PlyCount "70"]
[EventDate "2011.02.19"]
[EventType "swiss"]
[EventRounds "6"]
[EventCountry "CAN"]
[SourceTitle "EXT 2022"]
[Source "ChessBase"]
[SourceDate "2021.10.06"]
[SourceVersion "1"]
[SourceVersionDate "2021.10.06"]
[SourceQuality "1"]

1. e4 c5 2. Nf3 Nc6 3. d4 cxd4 4. Nxd4 Nf6 5. Nc3 e5 6. Ndb5 d6 7. Bg5 a6 8. Na3 b5 9. Nd5 Be7 10. Bxf6 Bxf6 11. c4 b4 12. Nc2 Rb8 13. Qd3 Bg5 14. g3 0-0 15. Bg2 f5 16. exf5 Bxf5 17. Be4 Bh3 18. Bxh7+ Kh8 19. Be4 Qa5 20. b3 Qc5 21. Nce3 Nd4 22. Qd1 g6 23. Bxg6 Nf3+ 24. Ke2 Nd4+ 25. Ke1 Nf3+ 26. Ke2 Kg7 27. Be4 Bg2 28. Nxg2 Nd2 29. Ngf4 exf4 30. Kxd2 fxg3+ 31. Kc2 Rxf2+ 32. Kb1 Re8 33. Qg4 Re5 34. hxg3 Kg8 35. Ne7+ Rxe7 1-0

[Event "Toronto"]
[Site "Toronto"]
[Date "2011.02.13"]
[Round "6"]
[White "Aronov, Yuri"]
[Black "Birarov, Vladimir"]
[Result "1/2-1/2"]
[WhiteElo "2313"]
[BlackElo "2257"]
[PlyCount "98"]
[EventDate "2011.01.23"]
[EventType "tourn"]
[EventRounds "7"]
[EventCountry "CAN"]
[SourceTitle "EXT 2022"]
[Source "ChessBase"]
[SourceDate "2021.10.06"]
[SourceVersion "1"]
[SourceVersionDate "2021.10.06"]
[SourceQuality "1"]

1. d4 Nf6 2. c4 e6 3. Nf3 Bb4+ 4. Nbd2 d5 5. Qa4+ Nc6 6. a3 Bd6 7. b4 Bd7 8. b5 Nb8 9. c5 Be7 10. e3 0-0 11. Rb1 Be8 12. Qc2 c6 13. bxc6 Bxc6 14. Ne5 Qc7 15. Bd3 Nbd7 16. Ndf3 Nxe5 17. Nxe5 Rfc8 18. Qb3 Rab8 19. 0-0 Bxc5 20. Nxf7 Qxf7 21. dxc5 e5 22. Bb2 Re8 23. f4 exf4 24. Rxf4 Qe6 25. Bd4 Rf8 26. Rbf1 Rbe8 27. Rh4 g6 28. Rhf4 Ng4 29. Qd1 Rxf4 30. Rxf4 Nxe3 31. Qf3 Nc4 32. h3 Ne5 33. Qf1 Nxd3 34. Qxd3 Qe2 35. Qg3 Qd1+ 36. Kh2 Re1 37. Qg5 Rh1+ 38. Kg3 Qe1+ 39. Rf2 Qe6 40. Qf4 Qe7 41. Bf6 Qe8 42. Qc7 Bd7 43. Qd6 Qe3+ 44. Rf3 Qe1+ 45. Kf4 Qe6 46. Qb8+ Bc8 47. Be5 Qf5+ 48. Kg3 Qg5+ 49. Kf2 Qd2+ 1/2-1/2

[Event "Toronto Hart House Holidays op"]
[Site "Toronto"]
[Date "2010.12.17"]
[Round "1.14"]
[White "Birarov, Vladimir"]
[Black "Wiebe, Daniel"]
[Result "1/2-1/2"]
[WhiteElo "2210"]
[BlackElo "1884"]
[PlyCount "65"]
[EventDate "2010.12.17"]
[EventType "swiss"]
[EventRounds "5"]
[EventCountry "CAN"]
[SourceTitle "EXT 2022"]
[Source "ChessBase"]
[SourceDate "2021.10.06"]
[SourceVersion "1"]
[SourceVersionDate "2021.10.06"]
[SourceQuality "1"]

1. d4 Nf6 2. c4 g6 3. Nc3 Bg7 4. e4 d6 5. f3 0-0 6. Be3 c5 7. Nge2 Nfd7 8. Qd2 a6 9. 0-0-0 b5 10. h4 Qa5 11. Kb1 Nb6 12. Nc1 bxc4 13. dxc5 Bxc3 14. Qxc3 Qxc3 15. bxc3 dxc5 16. Bxc5 Na4 17. Bd4 Be6 18. Ne2 Nc6 19. Kc1 Rab8 20. Nf4 Nxd4 21. Rxd4 Nxc3 22. Nxe6 fxe6 23. Kd2 Nb1+ 24. Ke3 Na3 25. Bxc4 Nc2+ 26. Kd3 Nxd4 27. Kxd4 Rb6 28. Ke3 Kf7 29. f4 Rc8 30. Bb3 Rd6 31. f5 gxf5 32. exf5 Rc3+ 33. Ke4 1/2-1/2

[Event "EXCLAM op fin email"]
[Site "Email"]
[Date "2000.04.01"]
[Round "?"]
[White "Birarov, Vladimir"]
[Black "Bokar, Jason"]
[Result "1-0"]
[WhiteElo "2142"]
[BlackElo "2302"]
[PlyCount "105"]
[EventDate "2000.??.??"]
[EventType "tourn (corr)"]
[EventRounds "9"]
[EventCategory "2"]
[SourceTitle "Corr 2004"]
[Source "ChessBase"]
[SourceDate "2003.04.28"]
[SourceVersion "3"]
[SourceVersionDate "2003.04.28"]
[SourceQuality "1"]

1. d4 Nf6 2. c4 g6 3. Nc3 d5 4. cxd5 Nxd5 5. e4 Nxc3 6. bxc3 c5 7. Bb5+ Bd7 8. Be2 Bg7 9. Nf3 cxd4 10. cxd4 Bc6 11. Qd3 0-0 12. 0-0 e6 13. Ba3 Re8 14. Rac1 Nd7 15. d5 exd5 16. exd5 Ba4 17. Bd1 Bxd1 18. Rfxd1 Qa5 19. d6 Rad8 20. Rc7 b6 21. Qb3 Re4 22. h3 h6 23. Bc1 Bf8 24. Bb2 Re6 25. Qc4 a6 26. Rd5 b5 27. Qh4 f6 28. Qg4 f5 29. Rxf5 Bxd6 30. Re5 Nf8 31. Rg7+ Kxg7 32. Rxe6+ Kh7 33. Re4 Qxa2 34. Qh4 Qxb2 35. Qxd8 Qc1+ 36. Re1 Qc6 37. Rd1 Bb4 38. Ne5 Qe6 39. Nd7 Kg7 40. Nxf8 Bxf8 41. Qd7+ Qxd7 42. Rxd7+ Kf6 43. Ra7 b4 44. Kf1 Ke5 45. Ke2 Kd4 46. Kd2 a5 47. Rxa5 g5 48. Ra8 Bc5 49. Rh8 Ke4 50. f3+ Kf4 51. Rxh6 Kg3 52. Rg6 Be7 53. Kd3 1-0